Архив братьев Тургеневых. Вып.6: Переписка Александра Ивановича Тургенева с кн. Петром Андреевичем Вяземским (Запись № 13490552)

Подробности
000 -МАРКЕР
контрольное поле 01056nam2a22002531 4500
001 - ИДЕНТИФИКАТОР ЗАПИСИ
контрольное поле RU\NLR\A1SV\131596
005 - ИДЕНТИФИКАТОР ВЕРСИИ
контрольное поле 20260225112254.1
035 ## - ДРУГИЕ СИСТЕМНЫЕ НОМЕРА
Идентификатор записи (NLR Aleph) 010554206
100 ## - ДАННЫЕ ОБЩЕЙ ОБРАБОТКИ
Данные общей обработки 20141124d1921 u y0rusy50 ca
101 0# - ЯЗЫК РЕСУРСА
Язык текста, звукозаписи и т.д. русский
200 1# - ЗАГЛАВИЕ И СВЕДЕНИЯ ОБ ОТВЕТСТВЕННОСТИ
Основное заглавие Переписка Александра Ивановича Тургенева с кн. Петром Андреевичем Вяземским
Обозначение и номер части Т.1
Наименование части 1814-1833 годы
Первые сведения об ответственности Под ред. и с прим. Н.К.Кульмана
210 ## - ПУБЛИКАЦИЯ, РАСПРОСТРАНЕНИЕ И ДР.
Дата издания, распространения и т.д. 1921
215 ## - ФИЗИЧЕСКАЯ ХАРАКТЕРИСТИКА
Специфическое обозначение материала и объем 542 с.
461 #1 - УРОВЕНЬ НАБОРА
Встроенное поле 001RU\NLR\A1SV\131594
-- 2000#$vВып.6
Системный номер (АБИС) связанной записи 10351017
Дата публикации 1911-1921
Физическая характеристика 256 с.
Заглавие Архив братьев Тургеневых
Номер тома Вып.6
702 #1 - ИМЯ ЛИЦА - ВТОРИЧНАЯ ОТВЕТСТВЕННОСТЬ
Начальный элемент ввода Тургенев
Часть имени, кроме начального элемента ввода А. И.
Даты 1784-1845
Расширение инициалов личного имени Александр Иванович
702 #1 - ИМЯ ЛИЦА - ВТОРИЧНАЯ ОТВЕТСТВЕННОСТЬ
Начальный элемент ввода Вяземский
Часть имени, кроме начального элемента ввода П. А.
Даты 1792-1878
Расширение инициалов личного имени Петр Андреевич
702 #1 - ИМЯ ЛИЦА - ВТОРИЧНАЯ ОТВЕТСТВЕННОСТЬ
Начальный элемент ввода Кульман
Часть имени, кроме начального элемента ввода Н. К.
Даты 1871-1940
Расширение инициалов личного имени Николай Карлович
801 #0 - ИСТОЧНИК ЗАПИСИ
Страна Российская Федерация
Организация NLR
Дата составления 20141124
852 ## - МЕСТОНАХОЖДЕНИЕ И ШИФР ХРАНЕНИЯ
Идентификатор организации NLR
942 ## - ДОПОЛНИТЕЛЬНЫЕ ЭЛЕМЕНТЫ ЗАПИСИ (АБИС)
Тип экземпляра АБИС Книга
980 ## - КОЛЛЕКЦИЯ
Название коллекции Международный сводный каталог русской книги (1918-1926)
980 ## - КОЛЛЕКЦИЯ
Название коллекции Национальная библиография

Нет доступных экземпляров.